000 02650cam a2200469 i 4500
001 data
005 20260322212116.0
006 data
007 data
008 data
035 _a22738047
906 _a7
_bcbc
_corignew
_d1
_eecip
_f20
_gy-gencatlg
925 0 _aacquire
_eecip ebook
_xpolicy default
955 _frl54 2023-05-23 Telework ebook rec'd
010 _a 2022027806
020 _a9781003297536
_q(ebk)
020 _z9781032285818
_q(hbk)
020 _z9781032285832
_q(pbk)
040 _aDLC
_beng
_cDLC
_erda
_dDLC
042 _acyac
_acyac
050 0 0 _aPZ8
082 0 0 _a398.2
_223/eng/20220802
245 0 0 _aGreen magic :
_bthe world's best fairy tales /
_ccollected and arranged by Romer Wilson ; edited by Jack Zipes ; illustrated by Violet Brunton.
264 1 _aNew York :
_bRoutledge, Taylor & Francis Group,
_c2023.
300 _a1 online resource.
336 _atext
_btxt
_2rdacontent
336 _atext
_btxt
_2rdacontent
337 _acomputer
_bc
_2rdamedia
338 _aonline resource
_bcr
_2rdacarrier
505 0 _aPuss in boots / Charles Perrault -- Fortunatus and the wishing cap / Laura Valentine -- The Round Castle of the Red Sea / Charles Marius Barbeau and Gregory MacDonald -- The wolf's bride / Diamond Jenness -- The musicians of Bremen / Jacob and Wilhelm Grimm -- Rapunzel / Jacob and Wilhelm Grimm -- The shirt collar / Hans Christian Andersen -- The Ut-Röst cormorants / Peter Christen Asbjörnsen and Engebretsen Moe -- The nightingale / Hans Christian Andersen -- The lake princess / Herbert Giles and Pu Singling -- Ali Baba / Antoine Galland -- The man who understood animals' conversation / Charles Fillingham Coxwell -- The brotherless girl / Charles Fillingham Coxwell -- The water king and the wise Vasilissa / William Ralston -- Foolish John / Charles Fillingham Coxwell -- The golden apple-tree and the nine peahens / Elodie L. Mijaatowitch -- Stan Bolovan / Mite Kremnizt -- The golden twins / Peter Isperescu -- Perseus / Charles Kingsley -- Tom, Dick and Harry / Ignacz Kunos.
520 _aA collection of familiar as well as lesser-known fairy tales.
588 _aDescription based on print version record and CIP data provided by publisher.
650 0 _aFairy tales.
650 1 _aFairy tales.
650 1 _aFolklore.
655 7 _aFairy tales.
_2lcgft
700 1 _aWilson, Romer,
_d1891-1930,
_ecompiler
700 1 _aZipes, Jack,
_d1937-
_eeditor.
700 1 _aBrunton, Violet,
_eillustrator.
776 0 8 _iPrint version:
_tGreen magic
_dNew York, NY : Routledge, 2023
_z9781032285818
_w(DLC) 2022027805
985 _aLC online resource
_d2022-08-05
999 _c1758
_d1758